[Event "AUTO-OPEN-2675"]
[Site "http://www.queenalice.com/game.php?id=1108084"]
[Date "2012.9.30"]
[Round "2"]
[White "Oldchessman"]
[Black "Shydo"]
[Result "1-0"]
[WhiteElo "2216"]
[BlackElo "1876"]

1. d4 Nf6 2. e3 e6 3. Bd3 d5 4. f4 b6 5. Qf3 Bd6 6. g4 h6 7. Ne2 Bb7 8. O-O Nbd7
9. Ng3 Qe7 10. Nc3 h5 11. g5 Ng4 12. h3 f5 13. hxg4 hxg4 14. Qe2 O-O-O 15. Kg2
Rh3 16. Bd2 Rdh8 17. Rh1 c5 18. Ba6 c4 19. Bxb7+ Kxb7 20. Rxh3 Rxh3 21. Rh1 Rxh1
22. Kxh1 g6 23. Qh2 1-0

[Event "Kiwi"]
[Site "http://www.queenalice.com/game.php?id=1118361"]
[Date "2012.11.2"]
[Round "-"]
[White "Maltese_Falcon"]
[Black "Oldchessman"]
[Result "1-0"]
[WhiteElo "2176"]
[BlackElo "2183"]

1. e4 c5 2. Nf3 Nc6 3. d4 cxd4 4. Nxd4 d6 5. Nc3 Bd7 6. Bc4 g6 7. O-O Bg7 8.
Nxc6 bxc6 9. Be3 Nf6 10. f3 O-O 11. Rb1 Qc7 12. Qd3 Rfd8 13. Rfd1 Be6 14. Bxe6
fxe6 15. Qe2 d5 16. Bc5 e5 17. Na4 e6 18. b4 Nd7 19. Be3 d4 20. Bg5 Rf8 21. Qc4
Qd6 22. Qa6 h6 23. Bd2 Nf6 24. c3 Nh5 25. Nc5 Rf7 26. Rbc1 g5 27. cxd4 exd4 28.
Nd3 Rc7 29. b5 Rac8 30. Bb4 Qd8 31. Ba5 Nf4 32. Bxc7 Rxc7 33. Nxf4 gxf4 34. Rxc6
Rd7 35. Rc8 1-0

[Event "Kiwi"]
[Site "http://www.queenalice.com/game.php?id=1118362"]
[Date "2012.11.2"]
[Round "-"]
[White "Oldchessman"]
[Black "Maltese_Falcon"]
[Result "0-1"]
[WhiteElo "2196"]
[BlackElo "2162"]

1. d4 Nf6 2. c4 g6 3. Nc3 Bg7 4. e4 d6 5. Be2 O-O 6. f3 Nh5 7. Be3 e5 8. Qd2
exd4 9. Bxd4 Bxd4 10. Qxd4 Be6 11. g3 Nc6 12. Qe3 Ne5 13. b3 Nf6 14. O-O-O a5
15. h4 a4 16. Nh3 axb3 17. axb3 Nfd7 18. h5 Bxh3 19. Rxh3 Nc5 20. Kc2 Nc6 21.
Rb1 Nb4+ 22. Kd1 Qf6 23. hxg6 fxg6 24. Nd5 Nxd5 25. cxd5 Ra1 26. Rc1 Rxc1+ 27.
Kxc1 Qa1+ 28. Kc2 Ra8 29. Qc1 Ra2+ 30. Kd1 Qd4+ 0-1

[Event "Challenge"]
[Site "http://www.queenalice.com/game.php?id=1125000"]
[Date "2012.11.22"]
[Round "-"]
[White "Syndi"]
[Black "Oldchessman"]
[Result "1-0"]
[WhiteElo "2124"]
[BlackElo "2189"]

1. e4 c5 2. Nf3 Nc6 3. d4 cxd4 4. Nxd4 d6 5. Be2 Nf6 6. Nc3 a6 7. O-O e5 8. Nb3
Be7 9. Re1 O-O 10. a3 Be6 11. Be3 b5 12. Nd2 Qc7 13. f3 Rfd8 14. Bd3 d5 15. exd5
Nxd5 16. Nxd5 Bxd5 17. Qe2 f6 18. Qf2 Rf8 19. c4 bxc4 20. Bxc4 Bxc4 21. Nxc4 Nd4
22. Rac1 Qd8 23. b4 Rb8 24. Na5 Rc8 25. Rxc8 1-0

[Event "AUTO-OPEN-2675"]
[Site "http://www.queenalice.com/game.php?id=1132325"]
[Date "2012.12.18"]
[Round "3"]
[White "Elafsson"]
[Black "Oldchessman"]
[Result "0-1"]
[WhiteElo "1729"]
[BlackElo "2187"]

1. e4 c5 2. d3 g6 3. Nc3 Bg7 4. Nge2 Nc6 5. g3 d6 6. Bg2 Nf6 7. O-O O-O 8. f4
Bd7 9. h3 Qc8 10. g4 Nd4 11. Be3 e5 12. f5 b5 13. g5 Nh5 14. f6 Bh8 0-1

[Event "AUTO-OPEN-2675"]
[Site "http://www.queenalice.com/game.php?id=1132326"]
[Date "2012.12.18"]
[Round "3"]
[White "Oldchessman"]
[Black "Elafsson"]
[Result "1-0"]
[WhiteElo "2188"]
[BlackElo "1727"]

1. d4 c5 2. d5 d6 3. Nf3 Nf6 4. c4 g6 5. Nc3 Bg7 6. e4 O-O 7. Bd3 a6 8. h3 Nbd7
9. O-O Rb8 10. a4 Nb6 11. e5 Ne8 12. Bf4 e6 13. Re1 Ra8 14. Bg5 1-0

[Event "Challenge"]
[Site "http://www.queenalice.com/game.php?id=1151361"]
[Date "2013.2.13"]
[Round "-"]
[White "eddval"]
[Black "Oldchessman"]
[Result "1-0"]
[WhiteElo "2140"]
[BlackElo "2166"]

1. e4 Nf6 2. e5 Ne4 3. f3 Nc5 4. d4 Ne6 5. d5 Nc5 6. b4 Nca6 7. a3 d6 8. f4 dxe5
9. fxe5 e6 10. Nf3 Qxd5 11. Bd2 Be7 12. Bd3 c5 13. b5 Nc7 14. Nc3 Qd8 15. Qe2
Nd7 16. Ne4 a5 17. c4 O-O 18. a4 f5 19. exf6 Nxf6 20. O-O g6 21. Bc3 b6 22. Rad1
Bb7 23. Nxf6+ Bxf6 24. Bxg6 Qe7 25. Ne5 Bg7 26. Rd7 1-0

[Event "Challenge"]
[Site "http://www.queenalice.com/game.php?id=1159434"]
[Date "2013.3.9"]
[Round "-"]
[White "cyrocortereal"]
[Black "Oldchessman"]
[Result "1-0"]
[WhiteElo "2291"]
[BlackElo "2175"]

1. d4 Nf6 2. c4 g6 3. Nc3 Bg7 4. e4 d6 5. f3 O-O 6. Be3 Nbd7 7. Nh3 e5 8. d5 Re8
9. Qd2 c5 10. dxc6 bxc6 11. Qxd6 Nb6 12. Qxd8 Rxd8 13. c5 Bxh3 14. cxb6 Be6 15.
bxa7 Rd7 16. Ba6 Rdxa7 17. Bxa7 Rxa7 18. Bd3 h5 19. Ke2 Bh6 20. a4 Rb7 21. Rhb1
Bf8 22. a5 Nd7 23. a6 Ra7 24. b4 Nb6 25. b5 c5 26. Na4 c4 27. Nxb6 cxd3+ 28.
Kxd3 Bc5 29. Nd5 1-0

[Event "Challenge"]
[Site "http://www.queenalice.com/game.php?id=1176733"]
[Date "2013.4.30"]
[Round "-"]
[White "Oldchessman"]
[Black "eddval"]
[Result "0-1"]
[WhiteElo "2140"]
[BlackElo "2132"]

1. e4 e5 2. Nf3 Nc6 3. Bb5 a6 4. Ba4 Nf6 5. O-O Be7 6. Re1 b5 7. Bb3 d6 8. h3
O-O 9. c3 Na5 10. Bc2 c5 11. d4 Qc7 12. d5 h6 13. Nbd2 Nh7 14. Nf1 f5 15. b3 f4
16. N1h2 g5 17. Kh1 Bd7 18. Rg1 Kh8 19. Bd2 Rg8 20. Qe2 h5 21. c4 g4 22. hxg4
hxg4 23. Ne1 Nb7 24. Bc3 Rg6 25. g3 f3 26. Nexf3 gxf3 27. Qxf3 Kg7 28. Qe2 Rh8
29. f4 Nf6 30. Rg2 Bh3 31. f5 Rgh6 0-1

[Event "Challenge"]
[Site "http://www.queenalice.com/game.php?id=1176736"]
[Date "2013.4.30"]
[Round "-"]
[White "eddval"]
[Black "Oldchessman"]
[Result "1-0"]
[WhiteElo "2119"]
[BlackElo "2153"]

1. e4 c5 2. Nf3 Nc6 3. d4 cxd4 4. Nxd4 d6 5. c4 e5 6. Nb3 Nf6 7. Nc3 a6 8. Be2
Be7 9. O-O O-O 10. Be3 Be6 11. f3 Qc7 12. Rc1 b6 13. Nd5 1-0

[Event "Challenge"]
[Site "http://www.queenalice.com/game.php?id=1183992"]
[Date "2013.5.24"]
[Round "-"]
[White "eddval"]
[Black "Oldchessman"]
[Result "1-0"]
[WhiteElo "2142"]
[BlackElo "2128"]

1. e4 c5 2. Nf3 Nc6 3. d4 cxd4 4. Nxd4 d6 5. c4 e5 6. Nb3 Nf6 7. Nc3 h6 8. Be2
Be7 9. O-O Be6 10. Be3 O-O 11. h3 a6 12. Qd2 Nh7 13. Rad1 Qc7 14. Nd5 Bxd5 15.
cxd5 Nd8 16. Rc1 Qb8 17. Bb6 Bg5 18. Be3 b5 19. Na5 Nb7 20. Nc6 Qe8 21. b4 f5
22. f3 Bxe3+ 23. Qxe3 f4 24. Qb6 Nd8 25. Na5 Qg6 26. Rc7 Ng5 27. Kh1 Ndf7 28.
Nc6 Qh5 29. Qf2 Nd8 30. Ne7+ Kh7 31. Nf5 Ngf7 32. Rfc1 Qg5 33. Rd7 Qf6 34. Rcc7
a5 35. Bxb5 axb4 36. Kh2 Rb8 37. Bc4 Kh8 38. Qa7 1-0

[Event "Challenge"]
[Site "http://www.queenalice.com/game.php?id=1190535"]
[Date "2013.6.13"]
[Round "-"]
[White "eddval"]
[Black "Oldchessman"]
[Result "0-1"]
[WhiteElo "2103"]
[BlackElo "2116"]

1. e4 c5 2. c4 Nc6 3. Ne2 d6 4. d4 cxd4 5. Nxd4 Nf6 6. Nc3 e5 7. Nb3 Be7 8. Be2
O-O 9. Bg5 Nxe4 10. Nxe4 Bxg5 11. Qxd6 Be7 12. Qxd8 Rxd8 13. O-O Bf5 14. f3 Nd4
15. Nxd4 Rxd4 16. Rfd1 Rad8 17. Kf2 Bxe4 18. fxe4 Rxe4 19. Rxd8+ Bxd8 20. Rc1 b6
21. Rd1 Rd4 22. Rxd4 exd4 23. Kf3 f5 24. Kf4 g6 25. Ke5 Kf7 26. Kxd4 Bf6+ 27.
Kd5 Bxb2 28. a4 Kf6 29. a5 bxa5 30. Bd1 Ke7 31. Kc6 Be5 32. Kb5 Bxh2 33. Kxa5
Kd6 34. Kb5 Bg1 35. Bf3 h5 36. Kb4 h4 37. Bb7 g5 38. Bc8 Ke5 39. Kc3 g4 40. Kd3
h3 41. gxh3 gxh3 42. Ke2 h2 43. Bb7 Kd4 44. Bd5 a5 45. Kf1 a4 46. Kg2 a3 0-1

[Event "Challenge"]
[Site "http://www.queenalice.com/game.php?id=1202872"]
[Date "2013.7.27"]
[Round "-"]
[White "eddval"]
[Black "Oldchessman"]
[Result "1/2-1/2"]
[WhiteElo "2172"]
[BlackElo "2128"]

1. e4 c5 2. Nf3 d6 3. d4 cxd4 4. Nxd4 g6 5. c4 Bg7 6. Be3 Nf6 7. Nc3 O-O 8. Be2
Nc6 9. h3 Be6 10. Qd2 a6 11. O-O Rc8 12. b3 Nxd4 13. Bxd4 Qc7 14. Rac1 Nd7 15.
Bxg7 Kxg7 16. f4 f5 17. Kh2 Nf6 18. Bf3 fxe4 19. Nxe4 Bf5 20. Rce1 Bxe4 21. Bxe4
Rcd8 22. Bd5 e5 23. f5 Nxd5 24. cxd5 gxf5 25. Qg5+ Kh8 26. Rxf5 Qg7 27. Rxf8+
Rxf8 28. Qh4 Qf6 29. Qxf6+ Rxf6 1/2-1/2

[Event "AUTO-MASTER-1696"]
[Site "http://www.queenalice.com/game.php?id=1207022"]
[Date "2013.8.10"]
[Round "2"]
[White "Alexandrovinsk"]
[Black "Oldchessman"]
[Result "0-1"]
[WhiteElo "2181"]
[BlackElo "2108"]

1. Nf3 d5 2. g3 Nf6 3. Bg2 c5 4. c4 e6 5. d3 Nc6 6. b3 Be7 7. Bb2 d4 8. O-O e5
9. Nbd2 O-O 10. Qc2 h6 11. a3 a5 12. h3 Bf5 13. Nh4 Bh7 14. Rab1 Qc7 15. Bc1 Nd7
16. Nhf3 f5 17. Nh2 Rae8 18. e4 dxe3 19. fxe3 e4 20. dxe4 Qxg3 21. Rf3 Qc7 22.
exf5 Nce5 23. Rf1 Nc6 24. Bb2 Bf6 25. Bxf6 Nxf6 26. Ng4 Nxg4 27. hxg4 Rxe3 28.
Bd5+ Kh8 29. Ne4 Re8 30. Rbe1 Nd4 31. Qd1 R8xe4 32. Bxe4 Qg3+ 33. Bg2 Nf3+ 0-1

[Event "AUTO-MASTER-1696"]
[Site "http://www.queenalice.com/game.php?id=1207023"]
[Date "2013.8.10"]
[Round "2"]
[White "Oldchessman"]
[Black "Alexandrovinsk"]
[Result "0-1"]
[WhiteElo "2138"]
[BlackElo "2158"]

1. e4 c5 2. Nc3 d6 3. Nf3 Nf6 4. d4 cxd4 5. Nxd4 Nc6 6. Be3 g6 7. Be2 Bg7 8. h4
h5 9. Qd2 O-O 10. O-O-O Qa5 11. Nb3 Qd8 12. f3 Be6 13. g4 Re8 14. gxh5 gxh5 15.
Rdg1 Kh7 16. f4 Bg4 17. Bd3 e5 18. Ne2 a5 19. Ng3 a4 20. Na1 exf4 21. e5+ Kg8
22. Bxf4 dxe5 23. Bg5 e4 24. Bb5 Qxd2+ 25. Bxd2 Nd5 26. c3 e3 27. Be1 a3 28. b3
Nxc3 29. Bxc3 Bxc3 30. Nc2 Bb2+ 31. Kb1 Re5 32. Bc4 e2 33. Rh2 Rae8 34. Bxe2
Bxe2 35. Rxe2 Rxe2 36. Nxe2+ Kh7 37. Nc1 Re4 38. Nd3 Rxh4 39. Nxb2 axb2 40. Kxb2
Rh2 41. Kc3 h4 42. a4 Ne5 43. Nd4 Rh3+ 44. Kb4 Nf3 45. Nxf3 Rxf3 46. a5 Kh6 47.
Ka4 h3 48. b4 Kh5 49. b5 Rf4+ 50. Kb3 Rf6 51. Kb4 Kh4 52. Kc5 h2 53. Rh1 Kg3 54.
a6 bxa6 55. b6 Rxb6 0-1

[Event "AUTO-MASTER-1696"]
[Site "http://www.queenalice.com/game.php?id=1207026"]
[Date "2013.8.10"]
[Round "2"]
[White "silverhawks"]
[Black "Oldchessman"]
[Result "1-0"]
[WhiteElo "2251"]
[BlackElo "2116"]

1. e4 c5 2. Bc4 e6 3. Nc3 Nc6 4. Nf3 Be7 5. O-O Bf6 6. d3 Nge7 7. Be3 d5 8. exd5
exd5 9. Nxd5 Nxd5 10. Bxc5 Be6 11. Re1 Qd7 12. d4 O-O-O 13. c3 Kb8 14. Bb5 Nc7
15. a4 a6 16. Bf1 Bg4 17. b4 Qf5 18. Bd3 Bxf3 19. Bxf5 Bxd1 20. Raxd1 Rde8 21.
Be4 g6 22. Rb1 Kc8 23. b5 axb5 24. axb5 Na5 25. Re2 Ne6 26. Bb4 Ng5 27. Bd3 Rxe2
28. Bxe2 b6 29. Ra1 Nb7 30. Be7 Bxe7 31. Ra8+ Kc7 32. Rxh8 h5 33. Re8 Kd7 34.
Ra8 Nd6 35. Ra7+ Ke6 36. f3 Nh7 37. d5+ Kf6 38. Kh1 Nf5 39. g4 Ne3 40. c4 Bc5
41. gxh5 gxh5 42. f4 Kg6 43. h3 Nf6 44. Bd3+ Kg7 45. Ra8 h4 46. Rd8 Nh5 47. d6
Nxf4 48. d7 Ne6 49. Re8 Nd1 50. Rxe6 fxe6 51. d8=Q 1-0

[Event "AUTO-MASTER-1696"]
[Site "http://www.queenalice.com/game.php?id=1207027"]
[Date "2013.8.10"]
[Round "2"]
[White "Oldchessman"]
[Black "silverhawks"]
[Result "1-0"]
[WhiteElo "2122"]
[BlackElo "2259"]

1. e4 e5 2. Nf3 Nc6 3. Bb5 a6 4. Ba4 b5 5. Bb3 Bc5 6. O-O Nf6 7. d3 O-O 8. Nc3
h6 9. h3 d6 10. Re1 Ng4 11. hxg4 Bxg4 12. Be3 Bxe3 13. fxe3 Na5 14. Rf1 c6 15.
Qe1 Qb6 16. Qf2 b4 17. Nh2 Be6 18. Ne2 Nxb3 19. axb3 d5 20. exd5 cxd5 21. Ng3
Rfc8 22. e4 Qc7 23. Rac1 dxe4 24. Nxe4 a5 25. c4 bxc3 26. Rxc3 Qe7 27. Rfc1 Rxc3
28. Rxc3 Bd5 29. Nc5 f6 30. Nf3 Rd8 31. Nd2 Rc8 32. Nde4 Rd8 33. Qg3 f5 34. Nd2
Rc8 35. Qf2 g6 36. Na4 Rd8 37. Qc5 Qg5 38. Qf2 Qe7 39. Nc4 e4 40. d4 Bxc4 41.
bxc4 Qd7 42. Nc5 Qxd4 43. Qxd4 Rxd4 44. Nb3 Rd1+ 45. Kh2 a4 46. Nc5 Ra1 47. Nd7
Rb1 48. Rc2 Rd1 49. Nb6 Kf7 50. Nxa4 h5 51. c5 Rd4 52. Nb6 e3 53. b3 Rd2 54. Rc1
e2 55. Re1 Rb2 56. b4 h4 57. c6 Rc2 58. b5 Ke6 59. Rxe2+ Rxe2 60. c7 Rc2 61.
c8=Q+ Rxc8 62. Nxc8 Kd7 63. Nb6+ Ke6 64. Nc4 g5 65. b6 Kd7 66. Kh3 f4 67. Kg4
Kc8 68. Ne5 Kb7 69. Kxg5 Kxb6 70. Kxh4 Kc5 71. Nd3+ Kd4 72. Nxf4 Ke3 73. Nh5 Ke4
74. g4 1-0

[Event "Early Morning Coffee Game"]
[Site "http://www.queenalice.com/game.php?id=1207734"]
[Date "2013.8.13"]
[Round "-"]
[White "Oldchessman"]
[Black "johnrbrown"]
[Result "0-1"]
[WhiteElo "2129"]
[BlackElo "2106"]

1. e4 e5 2. Nf3 Nc6 3. Bb5 a6 4. Ba4 Nf6 5. O-O Be7 6. Re1 b5 7. Bb3 O-O 8. c3
d5 9. exd5 Nxd5 10. Nxe5 Nxe5 11. Rxe5 c6 12. d4 Bd6 13. Re1 Qh4 14. g3 Qh3 15.
Qf3 Bg4 16. Qg2 Qh5 17. Bxd5 cxd5 18. Be3 Bf3 19. Qf1 f5 20. Nd2 f4 0-1

[Event "Afternoon Tea"]
[Site "http://www.queenalice.com/game.php?id=1215444"]
[Date "2013.9.8"]
[Round "-"]
[White "johnrbrown"]
[Black "Oldchessman"]
[Result "1-0"]
[WhiteElo "2121"]
[BlackElo "2127"]

1. d4 Nf6 2. Nc3 d5 3. Bg5 e6 4. e4 Be7 5. e5 Nfd7 6. h4 a6 7. Qg4 f5 8. exf6
Nxf6 9. Bxf6 Bxf6 10. O-O-O Nc6 11. Qh5+ g6 12. Qf3 O-O 13. Qg3 Kh8 14. Nf3 Qd6
15. Qxd6 cxd6 16. Be2 b5 17. g4 Bb7 18. g5 Bg7 19. h5 Kg8 20. h6 Bh8 21. Rh4
Rac8 22. a3 b4 23. axb4 Nxb4 24. Rd2 Rc6 25. Nd1 Rc7 26. c3 a5 27. Ne1 Nc6 28.
Nc2 Ne7 29. Bg4 Nf5 30. Rh3 Rb8 31. Nde3 Kf7 32. Nxf5 gxf5 33. Bh5+ Ke7 34. f4
Bc6 35. Re3 Bd7 36. Bf3 Kd8 37. Rde2 a4 38. Bh5 Rcb7 39. Rxe6 Bxe6 40. Rxe6 Kd7
41. Re3 Rxb2 42. Be8+ Kc7 43. Bxa4 Rb1+ 44. Kd2 Ra8 45. Re7+ Kb6 46. Bd7 Rf1 47.
Nb4 Rf8 48. Nxd5+ Ka6 49. Rxh7 Rb8 50. Bxf5 Rb2+ 51. Ke3 Re1+ 52. Kf3 1-0

[Event "Challenge"]
[Site "http://www.queenalice.com/game.php?id=1217014"]
[Date "2013.9.14"]
[Round "-"]
[White "Oldchessman"]
[Black "jeancarlo1910"]
[Result "1-0"]
[WhiteElo "2115"]
[BlackElo "1930"]

1. e4 e5 2. Nf3 Nc6 3. Bb5 d6 4. O-O Bd7 5. c3 Be7 6. Re1 Nf6 7. d3 h6 8. h3 O-O
9. Be3 Nh5 10. Nbd2 f5 11. exf5 Bxf5 12. g4 Bxg4 13. hxg4 Nf4 14. Bxf4 Rxf4 15.
Nh2 Nb8 16. Re4 Bg5 17. Ndf1 c6 18. Ba4 Qb6 19. Bb3+ Kh8 20. Rxf4 Bxf4 21. Nf3
Nd7 22. Nh4 Nf8 23. Qf3 Qd8 24. Ng2 Ng6 25. d4 Nh4 26. Qh3 Nxg2 27. Kxg2 exd4
28. Re1 dxc3 29. bxc3 Qf6 30. Re6 Qg5 31. f3 Be5 32. Qh5 Qxh5 33. gxh5 a5 34. c4
a4 35. Bc2 b5 36. Ne3 b4 37. Ng4 Bd4 38. Rxd6 c5 39. Nf2 b3 40. axb3 axb3 41.
Bxb3 1-0

[Event "Challenge"]
[Site "http://www.queenalice.com/game.php?id=1247044"]
[Date "2014.1.10"]
[Round "-"]
[White "eddval"]
[Black "Oldchessman"]
[Result "1-0"]
[WhiteElo "2241"]
[BlackElo "2121"]

1. e4 c5 2. Nf3 d6 3. d4 cxd4 4. Nxd4 Nf6 5. Nc3 a6 6. Bg5 e6 7. Qd2 Be7 8.
O-O-O b5 9. Bd3 Bb7 10. Rhe1 e5 11. Nf5 Nbd7 12. Nxg7+ 1-0